01868nam a2200505 i 450000100060000000300080000600500170001400600190003100700150005000800410006502000270010602000180013303500230015103500240017403500250019803500210022304000310024405000220027508000070029708200120030410000340031624500940035026400390044430000410048333600310052433700330055533800430058849000450063150000220067650400280069858801280072659001640085465000170101865000190103565000280105465000180108265000210110065000320112165500270115370000410118079700190122183000430124085600620128399900170134545310FlNmELB20241216231704.0m o d | cr cnu||||||||140909s2013 sp ob 001 0 spa d a9788490640449 (e-book) z9788490297827 a(MiAaPQ)EBC3222069 a(Au-PeEL)EBL3222069 a(CaPaEBR)ebr10902708 a(OCoLC)992115329 aFINmELBbspaerdacFINmELB 4aTR145b.Sn19 2013 a770 a7702231 aSánchez Vigil, Juan Miguel.10aDocumentación fotográfica /cJuan-Miguel Sánchez-Vigil, Antonia Salvador-Benítez. 1aBarcelona :bEditorial UOC,c2013. a1 recurso en línea (151 páginas) atextobtxt2rdacontent/spa acomputadorabc2rdamedia/spa arecurso en líneabcr2rdacarrier/spa1 aEl profesional de la información ;v18 aIncluye índice. aIncluye bibliografía. aDescripción basada en recurso en línea; Título de la página del título en PDF (e-libro, visto September 9, 2014). aRecurso electrónico. Santa Fe, Arg.: e-libro, 2015. Disponible vía World Wide Web. El acceso puede estar limitado para las bibliotecas afiliadas a e-libro. 0aPhotography. 0aDocumentation. 0aPhotograph collections. 4aFotografía. 4aDocumentación. 4aColecciones fotográficas. 4aLibros electrónicos.1 aSalvador Benítez, Antonia,eautor.2 ae-libro, Corp. 0aProfesional de la información ;v18.40uhttps://elibro.net/ereader/politecnicointernacional/57608 c45310d45310